| 000 | 00478nam a2200181Ia 4500 | ||
|---|---|---|---|
| 005 | 20260429111848.0 | ||
| 008 | 260429s9999||||xx |||||||||||||| ||und|| | ||
| 020 | _a9789358996418 | ||
| 041 | _aEnglish | ||
| 082 |
_a635 _bJAY |
||
| 100 | _aJayavalli, R. | ||
| 245 | 0 |
_aPrinciples of horticultural crops / _cR. Jayavalli |
|
| 250 | _a1st ed. | ||
| 260 |
_aNew Delhi : _bElite Publishing House, _c2025. |
||
| 300 | _avii, 404 p.; hb | ||
| 650 | _aHorticulture | ||
| 942 | _cTB | ||
| 999 |
_c51182 _d51182 |
||